书目信息 |
| 题名: |
邓明琴与中国草莓
|
|
| 作者: | 雷家军 , 郑文屾 主编 | |
| 分册: | ||
| 出版信息: | 沈阳 辽宁科学技术出版社 2013 |
|
| 页数: | 262页 | |
| 开本: | 29cm | |
| 丛书名: | ||
| 单 册: | ||
| 中图分类: | K826.3 , S668.4-53 | |
| 科图分类: | ||
| 主题词: | 教授--生平事迹 , 草莓--果树园艺--文集 , 果树园艺 , 教授 , 草莓 | |
| 电子资源: | ||
| ISBN: | 978-7-5381-8113-5 | |
| 000 | 01248nam0 2200337 450 | |
| 001 | 006830605 | |
| 005 | 20140707105131.75 | |
| 010 | @a978-7-5381-8113-5@dCNY200.00 | |
| 100 | @a20131009d2013 em y0chiy0110 ea | |
| 101 | 0 | @achi |
| 102 | @aCN@b210000 | |
| 105 | @aa z 000yd | |
| 106 | @ar | |
| 200 | 1 | @a邓明琴与中国草莓@9deng ming qin yu zhong guo cao mei@f雷家军,郑文屾主编 |
| 210 | @a沈阳@c辽宁科学技术出版社@d2013 | |
| 215 | @a262页@c照片,图@d29cm | |
| 312 | @a封面英文题名:Deng Mingqin and Chinese strawberries | |
| 330 | @a本书是为纪念我国著名的草莓专家邓明琴先生90华诞编写的,全书分为5篇,收录了邓先生的主要论文,介绍了邓先生的主要成就和工作经历,收录了邓先生从小到大不同时期的珍贵照片,收录了部分弟子及草莓同行对邓先生感激的短文,同时还介绍了邓先生的弟子、全国部分草莓(果树)同行的简历和工作成就。 | |
| 510 | 1 | @aDeng Mingqin and Chinese strawberries@zeng |
| 606 | 0 | @a教授@x生平事迹 |
| 606 | 0 | @a草莓@x果树园艺@j文集 |
| 606 | 0 | @a果树园艺 |
| 606 | 0 | @a教授 |
| 606 | 0 | @a草莓 |
| 610 | 0 | @a邓明琴 |
| 690 | @aK826.3@v5 | |
| 690 | @aS668.4-53@v5 | |
| 701 | 0 | @a雷家军@9lei jia jun@f(1966~)@4主编 |
| 701 | 0 | @a郑文屾@9zheng wen shen@4主编 |
| 801 | 0 | @aCN@bNLC@c20131115 |
| 905 | @b847432-34@dK826.3@e79@f3 | |
| 邓明琴与中国草莓/雷家军,郑文屾主编.-沈阳:辽宁科学技术出版社,2013 |
| 262页:照片,图;29cm |
| ISBN 978-7-5381-8113-5:CNY200.00 |
| 本书是为纪念我国著名的草莓专家邓明琴先生90华诞编写的,全书分为5篇,收录了邓先生的主要论文,介绍了邓先生的主要成就和工作经历,收录了邓先生从小到大不同时期的珍贵照片,收录了部分弟子及草莓同行对邓先生感激的短文,同时还介绍了邓先生的弟子、全国部分草莓(果树)同行的简历和工作成就。 |
| ● |
| 相关链接 |
|
|
|
|
正题名:邓明琴与中国草莓
索取号:K826.3/79
 
预约/预借
| 序号 | 登录号 | 条形码 | 馆藏地/架位号 | 状态 | 备注 |
| 1 | 847432 | 208474328 | 第二样本阅览室/ [索取号:K826.3/79] | 在馆 | |
| 2 | 847433 | 208474337 | 第二借阅区/ [索取号:K826.3/79] | 在馆 | |
| 3 | 847434 | 208474346 | 第二借阅区/ [索取号:K826.3/79] | 在馆 |